| 000 | 02287nam0a2200385 4500 | ||
|---|---|---|---|
| 001 | RU\NLR\BIBL_A\022748320 | ||
| 005 | 20260324100050.0 | ||
| 010 |
_a978-5-9933-0610-0 _9500 |
||
| 021 |
_aRU _bКН-П-26-000606 _9КН-П-26-0056 |
||
| 035 | _a(NLR Aleph) 022748320 | ||
| 090 |
_a13644103 _c13644103 |
||
| 100 | _a20260310d2026 u y0rusy50 ca | ||
| 101 | 0 | _arus | |
| 102 | _aRU | ||
| 105 | _aаc j 000yy | ||
| 181 | 0 |
_ai _baxxe |
|
| 182 | 0 | _an | |
| 200 | 1 |
_aХиммотология нефтяных и альтернативных топлив _dChemmotology of oil and alternative fuels _eучебник по направлениям подготовки 18.03.01, 18.04.01 "Химическая технология" (уровень магистратуры) _fВ. М. Капустин, Л. С. Яновский, В. Г. Спиркин [и др.] _zeng |
|
| 203 |
_aТекст _bвизуальный _cнепосредственный |
||
| 210 |
_aМосква _cРГУ нефти и газа (НИУ) имени И. М. Губкина _d2026 |
||
| 215 |
_a270 с. _cил., портр. _d25 |
||
| 320 | _aБиблиогр.: с. 264-266 (44 назв.) | ||
| 510 | 1 |
_aChemmotology of oil and alternative fuels _zeng |
|
| 606 | 1 |
_aХиммотология _jУчебники для высших учебных заведений _91069751 _3RU\NLR\AUTH\66416403 |
|
| 606 | 1 |
_aМоторное топливо _jУчебники для высших учебных заведений _xЭксплуатационные свойства _91643304 _3RU\NLR\AUTH\66726893 |
|
| 606 | 1 |
_aНефтяное топливо _jУчебники для высших учебных заведений _xЭксплуатационные свойства _92702102 _3RU\NLR\AUTH\6601768063 |
|
| 686 | 1 | _aЛ510я73-1 | |
| 686 | 1 | _aЛ542-106.6я73-1 | |
| 701 | 1 |
_7ca _8rus _aКапустин _bВ. М. _cд-р техн. наук _f1952- _gВладимир Михайлович _943583 _3RU\NLR\AUTH\7760652 |
|
| 701 | 1 |
_aЯновский _bЛ. С. _f1948- _gЛеонид Самойлович |
|
| 701 | 1 |
_7ca _8rus _aСпиркин _bВ. Г. _f1937- _gВладимир Григорьевич _9145325 _3RU\NLR\AUTH\770145361 |
|
| 942 | _cBOOK | ||
| 980 | _aNB | ||